Compounding, processing and materials for tyre treads (Record no. 56121)

MARC details
000 -LEADER
fixed length control field 00416nam a2200157Ia 4500
100 ## - MAIN ENTRY--AUTHOR NAME
Personal name Munaweera D
245 #0 - TITLE STATEMENT
Title Compounding, processing and materials for tyre treads
260 ## - PUBLICATION, DISTRIBUTION, ETC. (IMPRINT)
Name of publisher Rubber Research Institute of Sri Lanka Bulletin
Year of publication 1977
300 ## - PHYSICAL DESCRIPTION
Number of Pages 87-89
650 ## - SUBJECT ADDED ENTRY--TOPICAL TERM
Topical Term Compounding
650 ## - SUBJECT ADDED ENTRY--TOPICAL TERM
Topical Term Filler
650 ## - SUBJECT ADDED ENTRY--TOPICAL TERM
Topical Term Processing
650 ## - SUBJECT ADDED ENTRY--TOPICAL TERM
Topical Term Tyre
942 ## - ADDED ENTRY ELEMENTS (KOHA)
Koha item type Journals
Holdings
Withdrawn status Lost status Damaged status Not for loan Home library Current library Shelving location Date acquired Serial Enumeration / chronology Koha item type
      Journals RRII Library RRII Library Rubber chemistry 17/12/2021 Volume 12, Issue 2 Journals